Entrada Personal Name
Número de registros utilizados en: 1
001 - CONTROL NUMBER
- control field: 17414
003 - CONTROL NUMBER IDENTIFIER
- control field: DLC
005 - DATE AND TIME OF LATEST TRANSACTION
- control field: 20250829092402.0
008 - FIXED-LENGTH DATA ELEMENTS
- fixed length control field: 811118n| azannaabn |a aaa
010 ## - LIBRARY OF CONGRESS CONTROL NUMBER
- LC control number: n 81089107
- Canceled/invalid LC control number: n 90672847
035 ## - SYSTEM CONTROL NUMBER
- System control number: (OCoLC)oca00634311
040 ## - CATALOGING SOURCE
- Original cataloging agency: DLC
- Language of cataloging: spa
- Description conventions: rda
- Transcribing agency: Mx-PuUPA
- Modifying agency: DLC
- Modifying agency: OCoLC
- Modifying agency: DLC
- Modifying agency: OCoLC
- Modifying agency: UPB
- Modifying agency: CU-A
- Modifying agency: Mx-PuUPA
046 ## - SPECIAL CODED DATES
- Birth date: 1946
- Source of date scheme: edtf
053 #0 - LC CLASSIFICATION NUMBER
- Classification number element--single number or beginning number of span: PQ7298.28.U4
100 1# - HEADING--PERSONAL NAME
- Personal name: Ruiz Dueñas, J.,
- Fuller form of name: (Jorge),
- Dates associated with a name: 1946-
370 ## - ASSOCIATED PLACE
- Place of birth: Baja California (México : Estado)
- Source of term: naf
372 ## - FIELD OF ACTIVITY
- Field of activity: Paternidad literaria
- Field of activity: Edición
- Source of term: lcsh
374 ## - OCCUPATION
- Occupation: Escritor
- Occupation: Autor
- Occupation: Editor de libros
- Source of term: lcdgt
375 ## - GENDER
- Gender: hombre
377 ## - ASSOCIATED LANGUAGE
- Language code: spa
400 1# - SEE FROM TRACING--PERSONAL NAME
- Personal name: Dueñas, J. Ruiz
- Fuller form of name: (Jorge Ruiz),
- Dates associated with a name: 1946-
400 1# - SEE FROM TRACING--PERSONAL NAME
- Personal name: Dueñas, Jorge Ruiz
400 1# - SEE FROM TRACING--PERSONAL NAME
- Personal name: Ruiz Dueñas, Jorge,
- Dates associated with a name: 1946-
670 ## - SOURCE DATA FOUND
- Source citation: His Espigas abiertas, 1968.
670 ## - SOURCE DATA FOUND
- Source citation: His Tierra final, 1980:
- Information found: t.p. (J. Ruiz Dueñas) p. 4 of cover (Jorge Ruiz Dueñas)
670 ## - SOURCE DATA FOUND
- Source citation: His Tornaviaje, 1984:
- Information found: t.p. (J. Ruiz Dueñas) p. preceding t.p. (b. Mexico City, 1946)
670 ## - SOURCE DATA FOUND
- Source citation: Info. from MH, Nov. 28, 2001
- Information found: (Saravá, 1997: t.p. (Jorge Ruiz Dueñas) back cover flap (economista, administrador, profesor universitario, editor; b. 1946, Baja California; Carta de rumbos, 1998: t.p. (Jorge Ruiz Dueñas) front cover flap (b. 1946; author/co-author of 15 academic works, 12 of literary creation...); Cultura, para que?, 2000: t.p. (Jorge Ruiz Dueñas) back cover (poeta, ensayista y promotor))
670 ## - SOURCE DATA FOUND
- Source citation: His Empresa pública, 1988:
- Information found: t.p. (Jorge Ruiz Dueñas)
670 ## - SOURCE DATA FOUND
- Source citation: His Eficacia y eficiencia de la empresa pública mexicana, 1982:
- Information found: t.p. (Jorge Ruiz Dueñas) p. 15 (researcher, Universidad Autónoma Metropolitana)
670 ## - SOURCE DATA FOUND
- Source citation: Leon Felipe, más allá del exilio, 2021:
- Information found: title page (Jorge Ruiz Dueñas)